000 00660nam a2200229Ia 4500
003 OSt
005 20220928150135.0
006 a|||||r|||| 00| 0
007 ta
008 220927b |||||||| |||| 00| 0 eng d
024 _a88432
037 _cTextual
040 _aSDCL
_cSDCL
_beng
041 _2eng
_aeng
082 _aX:8:(S:44)n3,N79, M0;M5;M6;N7
100 _aStaw Barry M Ed.
_9515502
245 0 _aResearch in organization behavior
260 _c2005
700 _a Cummings Larry L Ed.
_9515503
942 _hX:8:(S:44)n3,N79, M0;M5;M6;N7
_cTEXL
_2CC
999 _c840319
_d840319